Bolzano a základy matematické analýzy : K dvoustému výročí narození Bernarda Bolzana /
Enregistré dans:
| Auteur principal: | |
|---|---|
| Format: | Livre |
| Langue: | tchèque |
| Publié: |
Praha :
JSMF pri SAV,
1980
|
| Sujets: | |
| Tags: |
Pas de tags, Soyez le premier à ajouter un tag!
|
MARC
| LEADER | 00000nam a22000003a 4500 | ||
|---|---|---|---|
| 001 | stu37354 | ||
| 005 | 20150617225728.7 | ||
| 008 | 920708s1980----cs------------------cze-d | ||
| 040 | |a STU |b slo | ||
| 041 | 0 | |a cze | |
| 044 | |a cs | ||
| 080 | |a 929 Bolzano, Bernard |7 A000000554 | ||
| 100 | 1 | |a Jarník, Vojtěch |4 aut | |
| 245 | 1 | |a Bolzano a základy matematické analýzy : |b K dvoustému výročí narození Bernarda Bolzana / |c [aut.]Vojtěch Jarník | |
| 260 | |a Praha : |b JSMF pri SAV, |c 1980 | ||
| 300 | |a 81 s | ||
| 650 | 7 | |a Bolzano, Bernard |2 stusub | |
| 650 | 7 | |a 1781-1848 |2 stusub | |
| 650 | 7 | |a matematik český |2 stusub | |
| 650 | 7 | |a Analýza matematická |2 stusub | |
| 996 | |b 284M019621 |c M*2684-1 |l MMKN |s A |a 24 |w stu37354_0001 | ||